000 00562nam a22001937a 4500
005 20150124123948.0
008 121025t enk||||| |||| 00| 0 eng d
020 _a0750304758
050 0 4 _aQE508
_bY67 1997
100 1 _aYork, Derek
245 1 0 _a In search of lost time /
_cDerek York.
250 _a1a ed.
260 _aBristol :
_bInstitute of physics publishing,
_cc1997
300 _axii, 141 p. :
_bil. ;
_c21 cm.
504 _aIncluye ìndice
650 7 _2Lemb
_aEdad de la tierra
650 7 _2Lemb
_aCronología geológica
942 _2ddc
_cLIB
999 _c34191
_d34191